Chandi Ky Tarr /چاندی کے تار (Urdu) / (Record no. 187623)

000 -LEADER
fixed length control field 00448 a2200157 4500
003 - CONTROL NUMBER IDENTIFIER
control field NUST
005 - DATE AND TIME OF LATEST TRANSACTION
control field 20230309140039.0
040 ## - CATALOGING SOURCE
Transcribing agency Nust
082 ## - DEWEY DECIMAL CLASSIFICATION NUMBER
Classification number 891.439,SAD
100 ## - MAIN ENTRY--PERSONAL NAME
Personal name saddiqui, Muhammad Ismail
9 (RLIN) 110089
245 ## - TITLE STATEMENT
Title Chandi Ky Tarr /چاندی کے تار (Urdu) /
Statement of responsibility, etc. Muhammad Ismail saddiqui
260 ## - PUBLICATION, DISTRIBUTION, ETC.
Place of publication, distribution, etc. Lahore
Name of publisher, distributor, etc. S T printers
Date of publication, distribution, etc. 1983
300 ## - PHYSICAL DESCRIPTION
Extent 352; p.
650 ## - SUBJECT ADDED ENTRY--TOPICAL TERM
Topical term or geographic name entry element Urdu Literature
General subdivision Urdu Dramy
9 (RLIN) 110090
942 ## - ADDED ENTRY ELEMENTS (KOHA)
Source of classification or shelving scheme
Koha item type Book
Call number prefix 891.439,SAD
Holdings
Withdrawn status Lost status Source of classification or shelving scheme Damaged status Not for loan Permanent Location Current Location Shelving location Date acquired Full call number Barcode Date last seen Price effective from Koha item type Public note
          Military College of Signals (MCS) Military College of Signals (MCS) General Stacks 12/12/2016 891.439,SAD MCS33970 12/08/2016 12/12/2016 Book Almirah No.65, Shelf No.5
© 2023 Central Library, National University of Sciences and Technology. All Rights Reserved.